000 00677nam a2200229Ia 4500
003 OSt
005 20220927104145.0
006 a|||||r|||| 00| 0
007 ta
008 220926b |||||||| |||| 00| 0 eng d
024 _a120917
037 _cReference Collections
040 _aRTL
_cRTL
_beng
041 _2eng
_aeng
082 _a"Y9(W6)n1,N9, RR"
245 0 _aRESEARCH ON democracy and society Ed by Frederick
260 _aGreenwich
_bJai Press
490 _vV1: Democratization in Eastern and Western Europe (378p)
650 _aPolitical Sociology
_9364678
942 _h"Y9(W6)n1,N9, RR"
_cCC
999 _c686339
_d686339